[Event "XLI C.to Italiano a squadre Master"]
[Site "Senigallia ITA"]
[Date "2009.05.02"]
[Round "6"]
[White "Bentivegna, Francesco"]
[Black "Piscopo, Pierluigi"]
[Result "1-0"]
[WhiteElo "2326"]
[BlackElo "2405"]
[PlyCount "75"]
[EventDate "2009.04.30"]

1. e4 c5 2. g3 Nc6 3. Bg2 g6 4. d3 Bg7 5. f4 e6 6. Nf3 Nge7 7. O-O b6 8. c3 Ba6
9. Na3 O-O 10. Re1 Rc8 11. Nc2 d5 12. e5 d4 13. c4 b5 14. b3 bxc4 15. bxc4 Qa5
16. Nd2 Nb8 17. a4 Nd7 18. Ne4 Rb8 19. Bd2 Qd8 20. Na3 Bb7 21. Rb1 Bxe4 22.
Bxe4 a6 23. Bb7 Nf5 24. Bxa6 Rxb1 25. Qxb1 g5 26. Bb7 gxf4 27. Bxf4 Ne3 28. Nc2
Qa5 29. Nxe3 dxe3 30. Be4 Nxe5 31. Bxe3 f5 32. Bg2 Nxd3 33. Rd1 Nb2 34. Rd7
Nxc4 35. Bf2 Qxa4 36. Qb7 Bd4 37. Bxd4 Qd1+ 38. Bf1 1-0

[Event "XLI C.to Italiano a squadre Master"]
[Site "Senigallia ITA"]
[Date "2009.05.02"]
[Round "6"]
[White "Brunello, Sabino"]
[Black "Garcia Palermo, Carlos Horacio"]
[Result "1-0"]
[WhiteElo "2477"]
[BlackElo "2484"]
[PlyCount "57"]
[EventDate "2009.04.30"]

1. d4 d5 2. c4 e6 3. Nf3 Nf6 4. g3 Bb4+ 5. Bd2 Be7 6. Bg2 O-O 7. O-O c6 8. Qc2
Nbd7 9. Bf4 a5 10. Nbd2 Nh5 11. Be3 f5 12. Nb3 f4 13. Bd2 a4 14. Nc1 Bd6 15. e4
a3 16. b3 e5 17. exd5 cxd5 18. cxd5 Qb6 19. Ne2 e4 20. Ng5 Ndf6 21. Bxf4 Nxf4
22. Nxf4 Bf5 23. Nge6 Rfc8 24. Qe2 Rc3 25. Nh5 Nxd5 26. Nexg7 Bg6 27. Bxe4 Nb4
28. Bxg6 hxg6 29. Qe6+ 1-0

[Event "XLI C.to Italiano a squadre Master"]
[Site "Senigallia ITA"]
[Date "2009.05.02"]
[Round "6"]
[White "Collutiis, Duilio"]
[Black "Napoli, Nicolo'"]
[Result "1-0"]
[WhiteElo "2451"]
[BlackElo "2353"]
[PlyCount "47"]
[EventDate "2009.04.30"]

1. e4 g6 2. d4 c6 3. Nc3 d5 4. Nf3 Bg4 5. h3 dxe4 6. hxg4 exf3 7. Qxf3 Qxd4 8.
Be3 Qf6 9. Qg3 Qd6 10. Bf4 Qe6+ 11. Be2 Nd7 12. O-O-O f6 13. Rhe1 Qf7 14. Nb5
e5 15. Nc7+ Kd8 16. Bxe5 fxe5 17. Qxe5 Kc8 18. Ne6 Bh6+ 19. g5 Bxg5+ 20. Qxg5
Ngf6 21. Bc4 Nb6 22. Nd8 Qg7 23. Be6+ Nfd7 24. Nf7 1-0

[Event "XLI C.to Italiano a squadre Master"]
[Site "Senigallia ITA"]
[Date "2009.05.02"]
[Round "6"]
[White "D'Amore, Carlo"]
[Black "Valsecchi, Alessio"]
[Result "1-0"]
[WhiteElo "2483"]
[BlackElo "2363"]
[PlyCount "129"]
[EventDate "2009.04.30"]

1. e4 c5 2. Nc3 Nc6 3. Bb5 g6 4. Bxc6 dxc6 5. d3 Bg7 6. Be3 b6 7. Qd2 e5 8.
O-O-O Be6 9. f4 exf4 10. Bxf4 b5 11. e5 Ne7 12. Ne4 Qd5 13. c4 bxc4 14. Nd6+
Kf8 15. dxc4 Qxd2+ 16. Rxd2 h6 17. Nf3 g5 18. Bg3 Ng6 19. Re1 Kg8 20. h3 h5 21.
Nxg5 h4 22. Bf2 Rh5 23. Nxe6 fxe6 24. Kc2 Nxe5 25. Re4 Rb8 26. b3 Rf8 27. Bxh4
Rf1 28. Rd1 Rxd1 29. Kxd1 Bf8 30. Nb7 Nd3 31. Ke2 Nc1+ 32. Kf3 Nxa2 33. Nd8 Nc1
34. Rg4+ Kh7 35. Nxe6 Bh6 36. Bg5 Nxb3 37. h4 Bxg5 38. Nxg5+ Kg8 39. Rf4 Nd4+
40. Kg4 Rh6 41. Re4 Kf8 42. Re5 a5 43. Rxc5 Nc2 44. Rxa5 Ne3+ 45. Kh3 Nxc4 46.
Ra8+ Kg7 47. Ra7+ Kg8 48. g4 Ne3 49. h5 Nd5 50. Kh4 Rf6 51. Ra8+ Kg7 52. Re8
Rf1 53. Ne6+ Kh7 54. Kg5 Rh1 55. Nf4 Nxf4 56. Re7+ Kg8 57. Kxf4 Rd1 58. h6 c5
59. g5 c4 60. h7+ Kh8 61. g6 Rf1+ 62. Ke5 Re1+ 63. Kd6 Rxe7 64. Kxe7 Kg7 65.
h8=Q+ 1-0

[Event "XLI C.to Italiano a squadre Master"]
[Site "Senigallia ITA"]
[Date "2009.05.02"]
[Round "6"]
[White "Delorme, Axel"]
[Black "Ortega, Lexy"]
[Result "1/2-1/2"]
[WhiteElo "2394"]
[BlackElo "2442"]
[PlyCount "83"]
[EventDate "2009.04.30"]

1. e4 e5 2. Nf3 Nc6 3. Bb5 Nf6 4. d3 Bc5 5. O-O d6 6. c3 O-O 7. Nbd2 Bd7 8. Ba4
h6 9. h3 a6 10. Re1 Ba7 11. Nf1 Ne7 12. Bc2 Ng6 13. Ng3 Qc8 14. d4 Re8 15. Be3
Bc6 16. Qd2 exd4 17. Bxd4 Bxd4 18. cxd4 Qd8 19. Rac1 Rc8 20. Qb4 Nf4 21. Qd2
Ng6 22. Qb4 Nf4 23. d5 Bd7 24. Qxb7 Rb8 25. Qxa6 Rxb2 26. Qa3 Rb6 27. Nd4 Nh7
28. Ndf5 Qf6 29. Qf3 Qe5 30. h4 Rb2 31. Bb3 Nf6 32. Rxc7 Bxf5 33. Nxf5 Nxe4 34.
Re7 Ne2+ 35. Qxe2 Rxe2 36. Rxe8+ Qxe8 37. Rxe2 Qe5 38. Bc2 Qxf5 39. Rxe4 Qc8
40. Bb3 g6 41. g3 Kg7 42. Kg2 1/2-1/2

[Event "XLI C.to Italiano a squadre Master"]
[Site "Senigallia ITA"]
[Date "2009.05.02"]
[Round "6"]
[White "Di Paolo, Raffaele"]
[Black "Efimov, Igor"]
[Result "1/2-1/2"]
[WhiteElo "2339"]
[BlackElo "2439"]
[PlyCount "109"]
[EventDate "2009.04.30"]

1. e4 c5 2. Nf3 e6 3. d4 cxd4 4. Nxd4 Nf6 5. Bd3 d6 6. O-O Be7 7. f4 O-O 8. Kh1
Nbd7 9. Nc3 Nc5 10. Qe1 Kh8 11. Bd2 b6 12. Nc6 Qe8 13. Nxe7 Qxe7 14. b4 Nxd3
15. cxd3 Bb7 16. f5 Nd7 17. f6 gxf6 18. Qh4 Rg8 19. Rf3 Rg7 20. Rh3 Rag8 21.
Ne2 d5 22. Ng3 Ne5 23. Bc3 Ng4 24. Nh5 e5 25. Nxg7 Rxg7 26. exd5 Qd7 27. Rg3
Qxd5 28. Rxg4 Qxg2+ 29. Rxg2 Rxg2 30. Qe4 Bxe4 31. dxe4 Re2 32. Rg1 h5 33. a4
Rxe4 34. Re1 Rc4 35. Re3 Kh7 36. a5 Kg6 37. Kg2 Kf5 38. Kf2 Ke6 39. Ke2 bxa5
40. bxa5 Rc5 41. Kd3 f5 42. Bb4 Rd5+ 43. Kc4 f4 44. Rd3 Rxd3 45. Kxd3 a6 46.
Kc4 f5 47. Be1 f3 48. Kd3 Kd5 49. Ke3 e4 50. h4 Kc4 51. Bg3 Kc3 52. Bc7 Kc2 53.
Bg3 Kd1 54. Bf2 Kc2 55. Bg3 1/2-1/2

[Event "XLI C.to Italiano a squadre Master"]
[Site "Senigallia ITA"]
[Date "2009.05.02"]
[Round "6"]
[White "Dvirnyy, Danyyil"]
[Black "Aranovitch, Emiliano"]
[Result "1/2-1/2"]
[WhiteElo "2459"]
[BlackElo "2376"]
[PlyCount "72"]
[EventDate "2009.04.30"]

1. Nf3 Nf6 2. c4 c5 3. d4 cxd4 4. Nxd4 Nc6 5. Nc3 g6 6. g3 Bg7 7. Bg2 O-O 8.
O-O Nxd4 9. Qxd4 d6 10. Qd3 Bf5 11. e4 Be6 12. Bd2 Qc7 13. b3 Rfc8 14. Rfc1 a6
15. Rab1 Rab8 16. Nd5 Qd8 17. a4 Nxd5 18. exd5 Bf5 19. Be4 Bxe4 20. Qxe4 Qd7
21. Be3 b6 22. Kg2 Qb7 23. f3 Re8 24. Re1 b5 25. axb5 axb5 26. c5 dxc5 27. Bxc5
Bf6 28. b4 Red8 29. Rbd1 Rd7 30. Rd3 Rbd8 31. Red1 h5 32. h4 Qa8 33. Kh3 Qb7
34. Kg2 Bg7 35. Kf2 Bf6 36. Kg2 Bg7 1/2-1/2

[Event "XLI C.to Italiano a squadre Master"]
[Site "Senigallia ITA"]
[Date "2009.05.02"]
[Round "6"]
[White "Ferrante, Marco"]
[Black "Sarno, Spartaco"]
[Result "1/2-1/2"]
[WhiteElo "2113"]
[BlackElo "2332"]
[PlyCount "77"]
[EventDate "2009.04.30"]

1. e4 d6 2. d4 Nf6 3. Nc3 g6 4. Bg5 Bg7 5. f4 O-O 6. Nf3 c6 7. e5 Nd5 8. Nxd5
cxd5 9. Qd2 Nc6 10. Be2 Bg4 11. c3 Na5 12. h3 Bxf3 13. Bxf3 Nc4 14. Qe2 dxe5
15. dxe5 f6 16. Rd1 Nb6 17. Bh4 fxe5 18. fxe5 Qc7 19. O-O e6 20. Bg4 Qc6 21.
Be7 Rfe8 22. Bf6 Nd7 23. Kh1 Rf8 24. c4 Nxf6 25. exf6 Rxf6 26. Rxf6 Bxf6 27.
Qxe6+ Qxe6 28. Bxe6+ Kg7 29. Bxd5 Rd8 30. b3 b6 31. Re1 Rd7 32. Kg1 Re7 33.
Rxe7+ Bxe7 34. Kf2 Kf6 35. Ke3 Ke5 36. Kd3 a5 37. Bb7 Bc5 38. Bf3 Kf4 39. Bd5
1/2-1/2

[Event "XLI C.to Italiano a squadre Master"]
[Site "Senigallia ITA"]
[Date "2009.05.02"]
[Round "6"]
[White "Genocchio, Daniele"]
[Black "Salvador, Roland"]
[Result "1-0"]
[WhiteElo "2445"]
[BlackElo "2445"]
[PlyCount "73"]
[EventDate "2009.04.30"]

1. e4 c5 2. Nc3 Nc6 3. Nge2 e5 4. g3 Nf6 5. Bg2 d6 6. d3 Be7 7. O-O Qb6 8. Rb1
h6 9. a3 a5 10. a4 Nb4 11. Nb5 Be6 12. c3 Nc6 13. f4 Rd8 14. Kh1 d5 15. f5 Bc8
16. exd5 Rxd5 17. Bxd5 Nxd5 18. d4 cxd4 19. cxd4 O-O 20. Nec3 Rd8 21. Qf3 Nf6
22. d5 Nd4 23. Be3 Bc5 24. Bxd4 exd4 25. Ne4 Nxd5 26. Nxc5 Qxc5 27. Rbc1 Qb4
28. Rxc8 Rxc8 29. Qxd5 Qxb2 30. Nd6 Qe2 31. Qf3 Qxf3+ 32. Rxf3 Rc3 33. Rf4 d3
34. Rd4 Rb3 35. Kg2 Kf8 36. Re4 Kg8 37. Re8+ 1-0

[Event "XLI C.to Italiano a squadre Master"]
[Site "Senigallia ITA"]
[Date "2009.05.02"]
[Round "6"]
[White "Godena, Michele"]
[Black "Rombaldoni, Denis"]
[Result "1-0"]
[WhiteElo "2538"]
[BlackElo "2442"]
[PlyCount "111"]
[EventDate "2009.04.30"]

1. e4 c6 2. d4 d5 3. Nd2 dxe4 4. Nxe4 Bf5 5. Ng3 Bg6 6. Nh3 e6 7. Nf4 Bd6 8.
Nxg6 hxg6 9. Ne4 Nf6 10. Ng5 Qc7 11. g3 Nbd7 12. Bg2 O-O 13. O-O b5 14. c3 Nd5
15. h4 N7f6 16. Qd3 Rab8 17. Bd2 c5 18. dxc5 Qxc5 19. Rad1 Qc4 20. Qxc4 bxc4
21. Bc1 Bc5 22. Rfe1 Nb6 23. Ne4 Nxe4 24. Rxe4 Rfd8 25. Rxd8+ Rxd8 26. Kf1 Rd1+
27. Re1 Rd8 28. Re4 Rd1+ 29. Re1 Rd8 30. Bf3 Kf8 31. Rd1 Rxd1+ 32. Bxd1 a5 33.
Bf4 Ke7 34. Be5 f6 35. Bc7 Kd7 36. Bxb6 Bxb6 37. Be2 Bd8 38. Bxc4 f5 39. f3 Bf6
40. Ke2 Be5 41. g4 fxg4 42. fxg4 Bg3 43. Bd3 Bxh4 44. Bxg6 Kd6 45. Kd3 Kd5 46.
Bf7 Bg5 47. a3 Bf4 48. Kc2 Kd6 49. b4 axb4 50. axb4 e5 51. Bg6 Bg3 52. Be4 Be1
53. Kb3 Bd2 54. c4 Be3 55. Ka4 Kc7 56. c5 1-0

[Event "XLI C.to Italiano a squadre Master"]
[Site "Senigallia ITA"]
[Date "2009.05.02"]
[Round "6"]
[White "Macieja, Bartlomiej"]
[Black "Bellini, Fabio"]
[Result "1/2-1/2"]
[WhiteElo "2601"]
[BlackElo "2486"]
[PlyCount "95"]
[EventDate "2009.04.30"]

1. e4 e5 2. Nf3 d6 3. d4 exd4 4. Nxd4 Nf6 5. Nc3 Be7 6. Be2 O-O 7. O-O Re8 8.
f4 Bf8 9. Bf3 Na6 10. Nb3 c6 11. Re1 d5 12. exd5 Qb6+ 13. Kf1 Rxe1+ 14. Qxe1
Nb4 15. Be3 Qc7 16. Qf2 Nbxd5 17. Nxd5 cxd5 18. Bd4 Qxf4 19. Bxf6 Qxf6 20. Bxd5
Qa6+ 21. Kg1 Be6 22. Bxe6 Qxe6 23. Qf3 Rd8 24. g3 a5 25. c3 a4 26. Nd4 Bc5 27.
Qxb7 a3 28. Rf1 axb2 29. Qxb2 Qe3+ 30. Kh1 Bxd4 31. cxd4 Qe4+ 32. Kg1 Qxd4+ 33.
Qxd4 Rxd4 34. a3 Ra4 35. Rf3 f5 36. Kf2 g6 37. Ke2 Kf7 38. Kd2 Ke6 39. Kc2 g5
40. Kb3 Ra8 41. a4 Ke5 42. Re3+ Kd4 43. Re7 f4 44. Rd7+ Ke3 45. Re7+ Kd3 46.
Rd7+ Ke2 47. Re7+ Kd3 48. Rd7+ 1/2-1/2

[Event "XLI C.to Italiano a squadre Master"]
[Site "Senigallia ITA"]
[Date "2009.05.02"]
[Round "6"]
[White "Mautone, Valerio"]
[Black "Caprio, Guido"]
[Result "0-1"]
[WhiteElo "2157"]
[BlackElo "2205"]
[PlyCount "122"]
[EventDate "2009.04.30"]

1. e4 c5 2. Nf3 d6 3. d4 cxd4 4. Nxd4 Nf6 5. Nc3 g6 6. Be3 Bg7 7. Bc4 Ng4 8.
Bb5+ Kf8 9. O-O Nxe3 10. fxe3 e6 11. Qf3 Qe7 12. Bc4 Nc6 13. Nxc6 bxc6 14. Rad1
Be5 15. Rd2 Kg7 16. Nd1 Rf8 17. c3 Kg8 18. Nf2 Bg7 19. Ng4 d5 20. e5 dxc4 21.
Nf6+ Bxf6 22. exf6 Qc5 23. Rd4 Qg5 24. Rg4 Qh5 25. Qg3 Rd8 26. Rh4 Qe2 27. Qg5
Rd2 28. Rd4 Kf8 29. Qc5+ Kg8 30. Qg5 Kf8 31. Qc5+ Kg8 32. Qxc6 Qxe3+ 33. Kh1
Bb7 34. Qxb7 Rd8 35. Rxd8+ Rxd8 36. Qc7 Qd3 37. Qf4 e5 38. Qc1 Rd6 39. Kg1 Qd2
40. Qxd2 Rxd2 41. Re1 Rd5 42. Kf2 Rd6 43. Rxe5 Rxf6+ 44. Ke3 Rb6 45. b4 cxb3
46. axb3 Rxb3 47. Kd4 Rb2 48. c4 Rxg2 49. c5 Rc2 50. h4 f5 51. Re7 f4 52. Rxa7
f3 53. Ra3 f2 54. Rf3 h6 55. Kd5 g5 56. hxg5 hxg5 57. Ke6 g4 58. Rf4 g3 59.
Rg4+ Kh7 60. Rh4+ Kg6 61. Rg4+ Kh5 0-1

[Event "XLI C.to Italiano a squadre Master"]
[Site "Senigallia ITA"]
[Date "2009.05.02"]
[Round "6"]
[White "Palac, Mladen"]
[Black "Rusev, Krasimir"]
[Result "1/2-1/2"]
[WhiteElo "2571"]
[BlackElo "2498"]
[PlyCount "20"]
[EventDate "2009.04.30"]

1. e4 c5 2. Nf3 d6 3. Bb5+ Bd7 4. Bxd7+ Qxd7 5. O-O Nf6 6. Qe2 Nc6 7. c3 e6 8.
d4 cxd4 9. cxd4 d5 10. e5 Ne4 1/2-1/2

[Event "XLI C.to Italiano a squadre Master"]
[Site "Senigallia ITA"]
[Date "2009.05.02"]
[Round "6"]
[White "Salvetti, Alec"]
[Black "Bonafede, Alessandro"]
[Result "1-0"]
[WhiteElo "2304"]
[BlackElo "2289"]
[PlyCount "132"]
[EventDate "2009.04.30"]

1. Nf3 d6 2. d4 f5 3. c4 Nf6 4. Nc3 g6 5. g3 Bg7 6. Bg2 O-O 7. O-O Qe8 8. d5 a5
9. Nd4 Na6 10. Bg5 Nc5 11. Ncb5 Qd8 12. Qc1 Ng4 13. h3 Ne5 14. b3 Nf7 15. Be3
Bd7 16. Rb1 Ne4 17. Nc3 Nxc3 18. Qxc3 c5 19. dxc6 bxc6 20. Qd2 Qc8 21. Nf3 e5
22. Ng5 f4 23. gxf4 Nxg5 24. fxg5 Bxh3 25. f3 Bxg2 26. Kxg2 Qe6 27. Rbd1 Rad8
28. Rh1 a4 29. Rh4 axb3 30. axb3 Rf7 31. Rdh1 Bf8 32. Qd3 Rb8 33. Bd2 d5 34.
cxd5 cxd5 35. b4 Bd6 36. b5 Re8 37. e4 d4 38. Rb1 Ref8 39. Qb3 Qxb3 40. Rxb3
Ra8 41. Rb2 Ra3 42. Rh3 Rb7 43. Rh1 Rd3 44. Rhb1 Kf7 45. Kf2 Ke6 46. Ke2 Ra3
47. Rb3 Ra2 48. Kd3 Bc5 49. Rc1 Rf7 50. Ke2 Kd6 51. b6 Rb7 52. Rb5 Bxb6 53.
Rd5+ Ke7 54. Rxe5+ Kd7 55. Rd5+ Ke7 56. Rb1 Ra6 57. Bb4+ Ke6 58. Bc5 Kf7 59.
Kd3 Rb8 60. Rd7+ Kg8 61. Rd6 Rf8 62. Rdxb6 Rxf3+ 63. Kxd4 Ra4+ 64. Kd5 Rd3+ 65.
Ke5 Rd8 66. Rb8 Ra8 1-0

[Event "XLI C.to Italiano a squadre Master"]
[Site "Senigallia ITA"]
[Date "2009.05.02"]
[Round "6"]
[White "Shytaj, Luca"]
[Black "Olszewski, Michal"]
[Result "1/2-1/2"]
[WhiteElo "2447"]
[BlackElo "2538"]
[PlyCount "75"]
[EventDate "2009.04.30"]

1. e4 c5 2. Nf3 d6 3. d4 cxd4 4. Nxd4 Nf6 5. Nc3 a6 6. g3 e5 7. Nde2 Nbd7 8.
Bg2 b5 9. a3 Bb7 10. h3 Be7 11. g4 Nc5 12. Ng3 g6 13. Nd5 Nxd5 14. exd5 O-O 15.
O-O Re8 16. Be3 Rc8 17. Qd2 Qd7 18. g5 h6 19. b4 Na4 20. h4 hxg5 21. hxg5 Nc3
22. a4 bxa4 23. Ra3 Qc7 24. f4 exf4 25. Bd4 Nxd5 26. Nf5 Qxc2 27. Rh3 f6 28.
Qe1 Qxf5 29. Qh4 Qxg5 30. Qh7+ Kf8 31. Rh6 f3 32. Rxg6 Qxg6 33. Qxg6 fxg2 34.
Re1 Red8 35. Qh7 Rc7 36. Qh8+ Kf7 37. Qh5+ Kg7 38. Qg5+ 1/2-1/2

[Event "XLI C.to Italiano a squadre Master"]
[Site "Senigallia ITA"]
[Date "2009.05.02"]
[Round "6"]
[White "Stromboli, Carlo"]
[Black "Malloni, Marcello"]
[Result "1/2-1/2"]
[WhiteElo "2283"]
[BlackElo "2278"]
[PlyCount "161"]
[EventDate "2009.04.30"]

1. e4 e5 2. Nf3 Nc6 3. d4 exd4 4. Bc4 Nf6 5. O-O Nxe4 6. Re1 d5 7. Bxd5 Qxd5 8.
Nc3 Qd8 9. Rxe4+ Be7 10. Nb5 Bf5 11. Re1 O-O 12. Nfxd4 Nxd4 13. Nxd4 Bg6 14.
Bf4 c6 15. c3 Re8 16. Qb3 Qb6 17. Be3 Qc7 18. a4 Bf8 19. Nf3 c5 20. Bd2 Be4 21.
Ng5 Bg6 22. Qc4 Qd7 23. Be3 Rad8 24. Qb5 Qd5 25. Qe2 h6 26. Nf3 Bd3 27. Qd2 Qc6
28. Red1 Qc8 29. Ne1 Bc4 30. Qc2 Qe6 31. Rd2 Bb3 32. Qc1 Qe4 33. a5 f5 34. Rxd8
Rxd8 35. Bd2 Qe2 36. Nf3 Bd5 37. Bf4 Bxf3 38. gxf3 Qxf3 39. Qe3 Rd1+ 40. Rxd1
Qxd1+ 41. Kg2 Qd5+ 42. Kg1 a6 43. h3 Kf7 44. Qe2 Be7 45. Qh5+ Kf8 46. Qg6 c4
47. Bc7 Bc5 48. Bg3 Qf7 49. Bd6+ Bxd6 50. Qxd6+ Kg8 51. Qc5 Kh7 52. Qe5 Qd7 53.
Qe2 Qb5 54. Kh2 Qd5 55. Kg1 Qe4 56. Qd2 Qe5 57. Qd7 Qe1+ 58. Kg2 Qe4+ 59. Kg1
Kg6 60. Kh2 Kf6 61. Kg1 Qc6 62. Qd4+ Kg6 63. Qe5 Qb5 64. Qe6+ Kh7 65. Qf7 Qxa5
66. Qxb7 Qb5 67. Qf7 Qc5 68. Kf1 a5 69. Kg1 Qb5 70. Kf1 a4 71. Kg1 Kh8 72. Qf8+
Kh7 73. Qf7 Qc5 74. Kf1 Qb5 75. Kg1 Kh8 76. Qf8+ Kh7 77. Qf7 Kh8 78. Qf8+ Kh7
79. Qf7 Kh8 80. Qf8+ Kh7 81. Qf7 1/2-1/2

[Event "XLI C.to Italiano a squadre Master"]
[Site "Senigallia ITA"]
[Date "2009.05.02"]
[Round "6"]
[White "Vocaturo, Daniele"]
[Black "Stromboli, Ettore"]
[Result "1-0"]
[WhiteElo "2480"]
[BlackElo "2301"]
[PlyCount "87"]
[EventDate "2009.04.30"]

1. e4 e6 2. d4 d5 3. Nc3 Bb4 4. e5 c5 5. a3 Bxc3+ 6. bxc3 Ne7 7. h4 Nbc6 8. h5
Qa5 9. Bd2 Bd7 10. h6 gxh6 11. Rb1 O-O-O 12. Rb5 Qc7 13. Nf3 c4 14. Rb1 Ng8 15.
Qc1 f6 16. Bf4 Qa5 17. Qb2 b6 18. g3 Rf8 19. Bg2 Rf7 20. Kf1 fxe5 21. Nxe5 Nxe5
22. Bxe5 Nf6 23. Rxh6 Ng4 24. Bxh8 Nxh6 25. Kg1 Ng4 26. f3 Rf8 27. fxg4 Rxh8
28. Re1 Rg8 29. Bf3 Rg5 30. Kg2 Kc7 31. Re2 Rg7 32. Re5 Rf7 33. Qa1 Qa6 34. g5
Qc8 35. Qe1 Qg8 36. Bh5 Rf5 37. Rxf5 exf5 38. Qe5+ Kc6 39. Qf6+ Qe6 40. Bf7
Qxf6 41. gxf6 Kd6 42. Bg8 f4 43. gxf4 Bf5 44. Bxd5 1-0

[Event "XLI C.to Italiano a squadre Master"]
[Site "Senigallia ITA"]
[Date "2009.05.03"]
[Round "7"]
[White "Amato, Andrea"]
[Black "Franchini, Gabriele"]
[Result "1-0"]
[WhiteElo "2261"]
[BlackElo "2212"]
[PlyCount "87"]
[EventDate "2009.04.30"]

1. c4 e5 2. g3 Nf6 3. Bg2 Nc6 4. Nf3 d5 5. cxd5 Nxd5 6. d3 Be7 7. O-O O-O 8.
Nc3 Be6 9. Bd2 Nb6 10. a3 f6 11. Rc1 Qd7 12. b4 a5 13. b5 Nd4 14. Nxd4 exd4 15.
Na4 Bxa3 16. Ra1 Bd6 17. Bxb7 Qxb5 18. Nxb6 cxb6 19. Rb1 Qc5 20. Bxa8 Rxa8 21.
Qa4 Qd5 22. Rfc1 Bc5 23. Bf4 Qd7 24. Rb5 g5 25. Bd2 Qd5 26. Rcxc5 bxc5 27. Rxa5
Rb8 28. Qc2 Bh3 29. f3 g4 30. Rxc5 Qb7 31. Qc4+ Qf7 32. Qxd4 Rb1+ 33. Rc1 Rxc1+
34. Bxc1 Qb3 35. Bb2 Qd1+ 36. Kf2 Qf1+ 37. Ke3 Qg1+ 38. Kf4 Qxd4+ 39. Bxd4 gxf3
40. exf3 Bf1 41. Bxf6 Bxd3 42. Kg5 Be2 43. f4 h5 44. Kg6 1-0

[Event "XLI C.to Italiano a squadre Master"]
[Site "Senigallia ITA"]
[Date "2009.05.03"]
[Round "7"]
[White "Aranovitch, Emiliano"]
[Black "Lucaroni, Massimiliano"]
[Result "1-0"]
[WhiteElo "2376"]
[BlackElo "2279"]
[PlyCount "81"]
[EventDate "2009.04.30"]

1. e4 e5 2. Nf3 Nc6 3. Bb5 a6 4. Ba4 Nf6 5. O-O Be7 6. Re1 b5 7. Bb3 d6 8. c3
O-O 9. d3 Na5 10. Bc2 c5 11. Nbd2 Nc6 12. Nf1 h6 13. Ng3 Re8 14. h3 Bf8 15. d4
cxd4 16. cxd4 exd4 17. Nxd4 Bb7 18. Bf4 Qb6 19. Be3 Qc7 20. Nxc6 Bxc6 21. Bd4
Nd7 22. Nh5 Ne5 23. Rc1 Qb7 24. f4 Ng6 25. Qf3 Rac8 26. Bd3 Rc7 27. Rc2 Qc8 28.
Rce2 Bb7 29. Qg3 Kh8 30. Kh2 Qd8 31. Bb6 Qd7 32. Bxc7 Qxc7 33. Kh1 Qc5 34. Qf3
f5 35. Ng3 Nh4 36. Qh5 fxe4 37. Qxh4 Be7 38. Qg4 d5 39. Nxe4 dxe4 40. Bxe4 Qb6
41. Qg6 1-0

[Event "XLI C.to Italiano a squadre Master"]
[Site "Senigallia ITA"]
[Date "2009.05.03"]
[Round "7"]
[White "Arlandi, Ennio"]
[Black "Calavalle, Giulio"]
[Result "1-0"]
[WhiteElo "2425"]
[BlackElo "2235"]
[PlyCount "111"]
[EventDate "2009.04.30"]

1. d4 c5 2. d5 f5 3. g3 g6 4. Bg2 d6 5. Nc3 Bg7 6. Nh3 Qa5 7. Bd2 b5 8. a3 Qb6
9. Nf4 Na6 10. h4 Nf6 11. h5 Ng4 12. hxg6 c4 13. e3 hxg6 14. Rxh8+ Bxh8 15.
Nxg6 Bf6 16. Qe2 Bd7 17. f3 Ne5 18. Nxe5 Bxe5 19. f4 Bf6 20. Kf2 Nc5 21. Qh5+
Kd8 22. Qe2 Kc7 23. a4 b4 24. Nd1 a5 25. Qxc4 Rc8 26. Ra2 Kd8 27. Qe2 Bxa4 28.
b3 Nxb3 29. cxb3 Bxb3 30. Be1 Bxa2 31. Qxa2 b3 32. Qxa5 Rc2+ 33. Kf3 Qxa5 34.
Bxa5+ Kd7 35. Bh3 e6 36. dxe6+ Ke7 37. Be1 Rc5 38. Bb4 Rb5 39. Ba3 Ra5 40. Bb2
Bxb2 41. Nxb2 Ra2 42. Nd3 Rd2 43. Bxf5 b2 44. Nxb2 Rxb2 45. e4 Kf6 46. g4 Rb3+
47. Kf2 Rb5 48. g5+ Ke7 49. Kf3 d5 50. exd5 Rxd5 51. Be4 Rd1 52. f5 Rg1 53. Kf4
Kd6 54. Bf3 Ra1 55. g6 Ke7 56. g7 1-0

[Event "XLI C.to Italiano a squadre Master"]
[Site "Senigallia ITA"]
[Date "2009.05.03"]
[Round "7"]
[White "Bellini, Fabio"]
[Black "Ronchetti, Niccolo'"]
[Result "1/2-1/2"]
[WhiteElo "2486"]
[BlackElo "2420"]
[PlyCount "39"]
[EventDate "2009.04.30"]

1. e4 c5 2. Nf3 Nc6 3. Bb5 e6 4. O-O Nge7 5. Re1 a6 6. Bxc6 Nxc6 7. d4 cxd4 8.
Nxd4 Qc7 9. Nxc6 Qxc6 10. Nc3 Be7 11. Qg4 Kf8 12. a4 b6 13. Bf4 Bb7 14. Rad1 h5
15. Qe2 h4 16. Qd3 Rd8 17. Bd6 Bxd6 18. Qxd6+ Qxd6 19. Rxd6 Bc6 20. Rd4 1/2-1/2

[Event "XLI C.to Italiano a squadre Master"]
[Site "Senigallia ITA"]
[Date "2009.05.03"]
[Round "7"]
[White "Bentivegna, Francesco"]
[Black "Delorme, Axel"]
[Result "1/2-1/2"]
[WhiteElo "2326"]
[BlackElo "2394"]
[PlyCount "101"]
[EventDate "2009.04.30"]

1. e4 e6 2. d4 d5 3. Nc3 Bb4 4. e5 c5 5. Bd2 Ne7 6. Nb5 Bxd2+ 7. Qxd2 O-O 8. f4
a6 9. Nd6 cxd4 10. Nf3 Nbc6 11. Bd3 f6 12. O-O fxe5 13. fxe5 Rxf3 14. Rxf3 Nxe5
15. Qf4 Nxf3+ 16. gxf3 Nf5 17. Bxf5 exf5 18. Re1 Bd7 19. Qxd4 Bc6 20. Nxf5 Qg5+
21. Qg4 Qxg4+ 22. fxg4 Rd8 23. h3 Bd7 24. Nd4 h5 25. gxh5 Bxh3 26. Kh2 Bg4 27.
Re5 Kf7 28. Kg3 Bc8 29. Kf4 Rd6 30. Rg5 Bh3 31. Rg3 Bd7 32. Nf3 Rf6+ 33. Ke5
Re6+ 34. Kd4 Re4+ 35. Kxd5 Bc6+ 36. Kc5 Re2 37. Kd6 Rxc2 38. Ne5+ Kf8 39. b4
Rd2+ 40. Kc7 Rxa2 41. Nxc6 bxc6 42. Kxc6 Ra4 43. Kc5 Kf7 44. Rd3 Ke7 45. h6
gxh6 46. Rh3 Kd7 47. Rxh6 Kc7 48. Rh7+ Kb8 49. Rh4 Kb7 50. Rh7+ Kb8 51. Rh8+
1/2-1/2

[Event "XLI C.to Italiano a squadre Master"]
[Site "Senigallia ITA"]
[Date "2009.05.03"]
[Round "7"]
[White "Caruana, Fabiano"]
[Black "Huebner, Robert"]
[Result "1/2-1/2"]
[WhiteElo "2649"]
[BlackElo "2595"]
[PlyCount "52"]
[EventDate "2009.04.30"]

1. e4 e6 2. d4 d5 3. Nc3 Nf6 4. e5 Nfd7 5. f4 c5 6. Nf3 Nc6 7. Be3 cxd4 8. Nxd4
Bc5 9. Qd2 Nxd4 10. Bxd4 Bxd4 11. Qxd4 Qb6 12. Qd2 Nc5 13. O-O-O Bd7 14. h4 Na4
15. Nxa4 Bxa4 16. Qd4 Qxd4 17. Rxd4 Bc6 18. Bd3 f5 19. h5 O-O 20. Be2 Rf7 21.
h6 Raf8 22. Kd2 Re7 23. g4 fxg4 24. Bxg4 Be8 25. Ke3 Bg6 26. c3 gxh6 1/2-1/2

[Event "XLI C.to Italiano a squadre Master"]
[Site "Senigallia ITA"]
[Date "2009.05.03"]
[Round "7"]
[White "Collutiis, Duilio"]
[Black "Sabia, Corrado"]
[Result "1/2-1/2"]
[WhiteElo "2451"]
[BlackElo "2215"]
[PlyCount "86"]
[EventDate "2009.04.30"]

1. c4 e5 2. Nc3 Nf6 3. e3 Nc6 4. a3 a5 5. Nf3 g6 6. d4 exd4 7. exd4 Bg7 8. Be2
d6 9. h3 O-O 10. O-O Re8 11. Bg5 h6 12. Be3 Ne7 13. Bf4 g5 14. Bh2 Ng6 15. Bd3
g4 16. hxg4 Bxg4 17. Be2 Qd7 18. Bg3 Ne4 19. Nh2 Bxe2 20. Nxe2 Qf5 21. Nf3 Qg4
22. Qd3 h5 23. Nh2 Nxg3 24. Nxg3 Qxd4 25. Qxd4 Bxd4 26. Nxh5 Re2 27. Nf3 Bh8
28. Rab1 a4 29. b3 axb3 30. Rxb3 b6 31. Rc1 Ra5 32. Ng3 Ra2 33. Re3 Ne5 34. Nd4
R2xa3 35. Rxa3 Rxa3 36. Nb5 Ra4 37. Nxc7 Rxc4 38. Rxc4 Nxc4 39. Nf5 Kh7 40. f4
Kg6 41. g4 Bb2 42. Kf2 Ba3 43. Kf3 Nd2+ 1/2-1/2

[Event "XLI C.to Italiano a squadre Master"]
[Site "Senigallia ITA"]
[Date "2009.05.03"]
[Round "7"]
[White "Della Corte, Alessandro"]
[Black "Piscopo, Pierluigi"]
[Result "1/2-1/2"]
[WhiteElo "2238"]
[BlackElo "2405"]
[PlyCount "34"]
[EventDate "2009.04.30"]

1. Nf3 d6 2. e4 c5 3. d4 cxd4 4. Nxd4 Nf6 5. Nc3 Bd7 6. Be2 g6 7. O-O Bg7 8.
Re1 O-O 9. Bf1 Bc6 10. Nxc6 bxc6 11. Be3 Nbd7 12. f3 Re8 13. Qd2 Qa5 14. Kh1
Rab8 15. Rab1 Rb7 16. a3 c5 17. b4 cxb4 1/2-1/2